Literature - European Literature | 4 | 5 | 0 | 0 | 110 | 43 | 75.56 | 4 | 9 |
Fine Arts - Visual Fine Arts | 3 | 6 | 0 | 3 | 105 | 48 | 97.00 | 3 | 9 |
Literature - American Literature | 3 | 5 | 0 | 2 | 95 | 47 | 84.75 | 6 | 7 |
History - World History | 2 | 6 | 0 | 3 | 90 | 56 | 100.63 | 3 | 7 |
Beliefs | 1 | 8 | 4 | 3 | 75 | 52 | 110.56 | 4 | 8 |
World and Other Literature | 1 | 6 | 1 | 1 | 70 | 83 | 95.00 | 5 | 6 |
Philosophy | 2 | 5 | 2 | 0 | 70 | 14 | 77.86 | 5 | 6 |
Science - Chemistry | 1 | 5 | 2 | 0 | 55 | 42 | 85.17 | 4 | 5 |
Science - Biology | 3 | 2 | 2 | 0 | 55 | 43 | 81.20 | 4 | 5 |
Fine Arts - Auditory Fine Arts | 2 | 3 | 2 | 0 | 50 | 57 | 77.60 | 2 | 5 |
Social Science | 1 | 4 | 1 | 3 | 50 | 24 | 100.40 | 2 | 4 |
Literature - British Literature | 2 | 2 | 2 | 1 | 40 | 38 | 95.00 | 1 | 4 |
Other Science: Math | 2 | 1 | 0 | 0 | 40 | 21 | 63.00 | 2 | 3 |
History - European History | 1 | 4 | 3 | 0 | 40 | 46 | 76.40 | 1 | 5 |
Other Arts: Auditory | 2 | 1 | 1 | 0 | 35 | 28 | 63.00 | 3 | 3 |
History - American History | 2 | 1 | 1 | 0 | 35 | 49 | 80.67 | 0 | 2 |
Science - Physics | 1 | 4 | 5 | 0 | 30 | 61 | 82.00 | 3 | 5 |
Other Science: Earth Science | 0 | 3 | 0 | 0 | 30 | 90 | 103.00 | 0 | 3 |
Ancient History and Archaeology | 0 | 2 | 0 | 0 | 20 | 72 | 86.00 | 2 | 2 |
Current Events | 0 | 2 | 0 | 1 | 20 | 65 | 91.50 | 1 | 2 |
Geography | 1 | 1 | 1 | 0 | 20 | 36 | 57.50 | 2 | 2 |
Other Arts: Visual | 0 | 2 | 0 | 0 | 20 | 75 | 108.50 | 1 | 1 |
Other Science: Computer Science | 0 | 2 | 0 | 0 | 20 | 84 | 99.00 | 0 | 2 |
Other Science: Astronomy | 0 | 1 | 0 | 0 | 10 | 74 | 74.00 | 1 | 1 |
Other Academic | 0 | 1 | 0 | 0 | 10 | 79 | 79.00 | 1 | 1 |
British and Commonwealth History | 0 | 0 | 4 | 0 | -20 | | 0.00 | 0 | 0 |